| 000 | 00506nam a22001337a 4500 | ||
|---|---|---|---|
| 999 |
_c16009 _d16009 |
||
| 008 | 210204b ||||| |||| 00| 0 eng d | ||
| 082 |
_21966 _aDFil 899.211 _bP27 |
||
| 245 |
_aPathways to Philippine literature in English: _banthology with biographical and critical introductions/ _cedited by A.G. Roseburg |
||
| 250 | _aRev., enlarged ed. | ||
| 260 |
_aQuezon City: _bPhoenix Publishing House, _c©1966. |
||
| 300 |
_a294 pages; _c25 cm. |
||
| 650 |
_aPhilippine literature. _942925 |
||
| 942 |
_2ddc _cDFIL |
||